<?xml version="1.0" encoding="UTF-8"?>
<record
    xmlns:xsi="http://www.w3.org/2001/XMLSchema-instance"
    xsi:schemaLocation="http://www.loc.gov/MARC21/slim http://www.loc.gov/standards/marcxml/schema/MARC21slim.xsd"
    xmlns="http://www.loc.gov/MARC21/slim">

  <leader>00910nas a2200277 454500</leader>
  <controlfield tag="001">44455</controlfield>
  <controlfield tag="005">20260407193511.0</controlfield>
  <controlfield tag="008">260407s1980####ag###########|||spa#d</controlfield>
  <controlfield tag="003">AR-UNSa-BCEJYS</controlfield>
  <datafield tag="040" ind1=" " ind2=" ">
    <subfield code="a">AR-UNSa-BCEJYS</subfield>
    <subfield code="b">spa</subfield>
    <subfield code="c">AR-UNSa-BCEJYS</subfield>
  </datafield>
  <datafield tag="080" ind1=" " ind2=" ">
    <subfield code="a">331.2</subfield>
    <subfield code="x">Salarios. Sueldos. Remuneraciones</subfield>
  </datafield>
  <datafield tag="245" ind1="1" ind2="0">
    <subfield code="a">Niveles de remuneraciones</subfield>
    <subfield code="p">estudio de coyuntura</subfield>
  </datafield>
  <datafield tag="022" ind1=" " ind2=" ">
    <subfield code="a">0325-7320</subfield>
  </datafield>
  <datafield tag="264" ind1=" " ind2="1">
    <subfield code="a">Buenos Aires :</subfield>
    <subfield code="b">UADE (Universidad Argentina de la Empresa)</subfield>
    <subfield code="c">1980</subfield>
  </datafield>
  <datafield tag="310" ind1=" " ind2=" ">
    <subfield code="a">Frecuencia: Mensual</subfield>
  </datafield>
  <datafield tag="041" ind1=" " ind2=" ">
    <subfield code="a">spa</subfield>
  </datafield>
  <datafield tag="942" ind1=" " ind2=" ">
    <subfield code="c">SER</subfield>
  </datafield>
  <datafield tag="590" ind1=" " ind2=" ">
    <subfield code="a">niveau_biblio:s niveau_hierar:1</subfield>
  </datafield>
  <datafield tag="100" ind1="1" ind2=" ">
    <subfield code="a">Universidad Argentina de la Empresa. Instituto de Econom&#xED;a</subfield>
  </datafield>
  <datafield tag="700" ind1="1" ind2=" ">
    <subfield code="a">Chisari, Omar O.</subfield>
  </datafield>
  <datafield tag="650" ind1=" " ind2=" ">
    <subfield code="a">Trabajo</subfield>
  </datafield>
  <datafield tag="650" ind1=" " ind2=" ">
    <subfield code="a">Datos estad&#xED;sticos</subfield>
  </datafield>
  <datafield tag="650" ind1=" " ind2=" ">
    <subfield code="a">Salario</subfield>
  </datafield>
  <datafield tag="650" ind1=" " ind2=" ">
    <subfield code="a">ECONOMIA</subfield>
  </datafield>
  <datafield tag="856" ind1="4" ind2="1">
    <subfield code="u">https://www.biblioeco.unsa.edu.ar/pmb/images/revistas/R21480.jpg</subfield>
    <subfield code="y">Imagen de portada</subfield>
    <subfield code="q">image/jpeg</subfield>
  </datafield>
  <datafield tag="999" ind1=" " ind2=" ">
    <subfield code="c">8923</subfield>
    <subfield code="d">8923</subfield>
  </datafield>
  <datafield tag="952" ind1=" " ind2=" ">
    <subfield code="0">0</subfield>
    <subfield code="1">0</subfield>
    <subfield code="4">0</subfield>
    <subfield code="7">0</subfield>
    <subfield code="a">BCEJYS</subfield>
    <subfield code="b">BCEJYS</subfield>
    <subfield code="c">13</subfield>
    <subfield code="d">1999-01-01</subfield>
    <subfield code="h">N&#xBA; 147 - ene. 1999</subfield>
    <subfield code="l">0</subfield>
    <subfield code="o">H331.2 NDR 147</subfield>
    <subfield code="p">R21502</subfield>
    <subfield code="r">2026-04-10 16:10:08</subfield>
    <subfield code="w">2026-04-10</subfield>
    <subfield code="y">RN</subfield>
  </datafield>
  <datafield tag="952" ind1=" " ind2=" ">
    <subfield code="0">0</subfield>
    <subfield code="1">0</subfield>
    <subfield code="4">0</subfield>
    <subfield code="7">0</subfield>
    <subfield code="a">BCEJYS</subfield>
    <subfield code="b">BCEJYS</subfield>
    <subfield code="c">13</subfield>
    <subfield code="d">1998-09-01</subfield>
    <subfield code="h">N&#xBA; 146 - sep. 1998</subfield>
    <subfield code="l">0</subfield>
    <subfield code="o">H331.2 NDR 146</subfield>
    <subfield code="p">R21515</subfield>
    <subfield code="r">2026-04-10 16:10:08</subfield>
    <subfield code="w">2026-04-10</subfield>
    <subfield code="y">RN</subfield>
  </datafield>
  <datafield tag="952" ind1=" " ind2=" ">
    <subfield code="0">0</subfield>
    <subfield code="1">0</subfield>
    <subfield code="4">0</subfield>
    <subfield code="7">0</subfield>
    <subfield code="a">BCEJYS</subfield>
    <subfield code="b">BCEJYS</subfield>
    <subfield code="c">13</subfield>
    <subfield code="d">1998-05-01</subfield>
    <subfield code="h">N&#xBA; 145 - mayo 1998</subfield>
    <subfield code="l">0</subfield>
    <subfield code="o">H331.2 NDR 145</subfield>
    <subfield code="p">R21501</subfield>
    <subfield code="r">2026-04-10 16:10:08</subfield>
    <subfield code="w">2026-04-10</subfield>
    <subfield code="y">RN</subfield>
  </datafield>
  <datafield tag="952" ind1=" " ind2=" ">
    <subfield code="0">0</subfield>
    <subfield code="1">0</subfield>
    <subfield code="4">0</subfield>
    <subfield code="7">0</subfield>
    <subfield code="a">BCEJYS</subfield>
    <subfield code="b">BCEJYS</subfield>
    <subfield code="c">13</subfield>
    <subfield code="d">1997-11-01</subfield>
    <subfield code="h">N&#xBA; 144 - nov. 1997</subfield>
    <subfield code="l">0</subfield>
    <subfield code="o">H331.2 NDR 144</subfield>
    <subfield code="p">R21500</subfield>
    <subfield code="r">2026-04-10 16:10:08</subfield>
    <subfield code="w">2026-04-10</subfield>
    <subfield code="y">RN</subfield>
  </datafield>
  <datafield tag="952" ind1=" " ind2=" ">
    <subfield code="0">0</subfield>
    <subfield code="1">0</subfield>
    <subfield code="4">0</subfield>
    <subfield code="7">0</subfield>
    <subfield code="a">BCEJYS</subfield>
    <subfield code="b">BCEJYS</subfield>
    <subfield code="c">13</subfield>
    <subfield code="d">1997-08-01</subfield>
    <subfield code="h">N&#xBA; 143 - ago. 1997</subfield>
    <subfield code="l">0</subfield>
    <subfield code="o">H331.2 NDR 143</subfield>
    <subfield code="p">R21499</subfield>
    <subfield code="r">2026-04-10 16:10:08</subfield>
    <subfield code="w">2026-04-10</subfield>
    <subfield code="y">RN</subfield>
  </datafield>
  <datafield tag="952" ind1=" " ind2=" ">
    <subfield code="0">0</subfield>
    <subfield code="1">0</subfield>
    <subfield code="4">0</subfield>
    <subfield code="7">0</subfield>
    <subfield code="a">BCEJYS</subfield>
    <subfield code="b">BCEJYS</subfield>
    <subfield code="c">13</subfield>
    <subfield code="d">1997-05-01</subfield>
    <subfield code="h">N&#xBA; 142 - mayo 1997</subfield>
    <subfield code="l">0</subfield>
    <subfield code="o">H331.2 NDR 142</subfield>
    <subfield code="p">R21498</subfield>
    <subfield code="r">2026-04-10 16:10:08</subfield>
    <subfield code="w">2026-04-10</subfield>
    <subfield code="y">RN</subfield>
  </datafield>
  <datafield tag="952" ind1=" " ind2=" ">
    <subfield code="0">0</subfield>
    <subfield code="1">0</subfield>
    <subfield code="4">0</subfield>
    <subfield code="7">0</subfield>
    <subfield code="a">BCEJYS</subfield>
    <subfield code="b">BCEJYS</subfield>
    <subfield code="c">13</subfield>
    <subfield code="d">1996-12-01</subfield>
    <subfield code="h">N&#xBA; 141 - dic. 1996</subfield>
    <subfield code="l">0</subfield>
    <subfield code="o">H331.2 NDR 141</subfield>
    <subfield code="p">R21497</subfield>
    <subfield code="r">2026-04-10 16:10:08</subfield>
    <subfield code="w">2026-04-10</subfield>
    <subfield code="y">RN</subfield>
  </datafield>
  <datafield tag="952" ind1=" " ind2=" ">
    <subfield code="0">0</subfield>
    <subfield code="1">0</subfield>
    <subfield code="4">0</subfield>
    <subfield code="7">0</subfield>
    <subfield code="a">BCEJYS</subfield>
    <subfield code="b">BCEJYS</subfield>
    <subfield code="c">13</subfield>
    <subfield code="d">1996-07-01</subfield>
    <subfield code="h">N&#xBA; 140 - jul. 1996</subfield>
    <subfield code="l">0</subfield>
    <subfield code="o">H331.2 NDR 140</subfield>
    <subfield code="p">R21496</subfield>
    <subfield code="r">2026-04-10 16:10:08</subfield>
    <subfield code="w">2026-04-10</subfield>
    <subfield code="y">RN</subfield>
  </datafield>
  <datafield tag="952" ind1=" " ind2=" ">
    <subfield code="0">0</subfield>
    <subfield code="1">0</subfield>
    <subfield code="4">0</subfield>
    <subfield code="7">0</subfield>
    <subfield code="a">BCEJYS</subfield>
    <subfield code="b">BCEJYS</subfield>
    <subfield code="c">13</subfield>
    <subfield code="d">1996-04-01</subfield>
    <subfield code="h">N&#xBA; 139 - abr. 1996</subfield>
    <subfield code="l">0</subfield>
    <subfield code="o">H331.2 NDR 139</subfield>
    <subfield code="p">R21495</subfield>
    <subfield code="r">2026-04-10 16:10:08</subfield>
    <subfield code="w">2026-04-10</subfield>
    <subfield code="y">RN</subfield>
  </datafield>
  <datafield tag="952" ind1=" " ind2=" ">
    <subfield code="0">0</subfield>
    <subfield code="1">0</subfield>
    <subfield code="4">0</subfield>
    <subfield code="7">0</subfield>
    <subfield code="a">BCEJYS</subfield>
    <subfield code="b">BCEJYS</subfield>
    <subfield code="c">13</subfield>
    <subfield code="d">1995-11-01</subfield>
    <subfield code="h">N&#xBA; 138 - nov. 1995</subfield>
    <subfield code="l">0</subfield>
    <subfield code="o">H331.2 NDR 138</subfield>
    <subfield code="p">R21494</subfield>
    <subfield code="r">2026-04-10 16:10:08</subfield>
    <subfield code="w">2026-04-10</subfield>
    <subfield code="y">RN</subfield>
  </datafield>
  <datafield tag="952" ind1=" " ind2=" ">
    <subfield code="0">0</subfield>
    <subfield code="1">0</subfield>
    <subfield code="4">0</subfield>
    <subfield code="7">0</subfield>
    <subfield code="a">BCEJYS</subfield>
    <subfield code="b">BCEJYS</subfield>
    <subfield code="c">13</subfield>
    <subfield code="d">1995-06-01</subfield>
    <subfield code="h">N&#xBA; 137 - jun. 1995</subfield>
    <subfield code="l">0</subfield>
    <subfield code="o">H331.2 NDR 137</subfield>
    <subfield code="p">R21493</subfield>
    <subfield code="r">2026-04-10 16:10:08</subfield>
    <subfield code="w">2026-04-10</subfield>
    <subfield code="y">RN</subfield>
  </datafield>
  <datafield tag="952" ind1=" " ind2=" ">
    <subfield code="0">0</subfield>
    <subfield code="1">0</subfield>
    <subfield code="4">0</subfield>
    <subfield code="7">0</subfield>
    <subfield code="a">BCEJYS</subfield>
    <subfield code="b">BCEJYS</subfield>
    <subfield code="c">13</subfield>
    <subfield code="d">1995-05-01</subfield>
    <subfield code="h">N&#xBA; 136 - mayo 1995</subfield>
    <subfield code="l">0</subfield>
    <subfield code="o">H331.2 NDR 136</subfield>
    <subfield code="p">R21492</subfield>
    <subfield code="r">2026-04-10 16:10:08</subfield>
    <subfield code="w">2026-04-10</subfield>
    <subfield code="y">RN</subfield>
  </datafield>
  <datafield tag="952" ind1=" " ind2=" ">
    <subfield code="0">0</subfield>
    <subfield code="1">0</subfield>
    <subfield code="4">0</subfield>
    <subfield code="7">0</subfield>
    <subfield code="a">BCEJYS</subfield>
    <subfield code="b">BCEJYS</subfield>
    <subfield code="c">13</subfield>
    <subfield code="d">1995-04-01</subfield>
    <subfield code="h">N&#xBA; 135 - abr. 1995</subfield>
    <subfield code="l">0</subfield>
    <subfield code="o">H331.2 NDR 135</subfield>
    <subfield code="p">R21491</subfield>
    <subfield code="r">2026-04-10 16:10:08</subfield>
    <subfield code="w">2026-04-10</subfield>
    <subfield code="y">RN</subfield>
  </datafield>
  <datafield tag="952" ind1=" " ind2=" ">
    <subfield code="0">0</subfield>
    <subfield code="1">0</subfield>
    <subfield code="4">0</subfield>
    <subfield code="7">0</subfield>
    <subfield code="a">BCEJYS</subfield>
    <subfield code="b">BCEJYS</subfield>
    <subfield code="c">13</subfield>
    <subfield code="d">1995-03-01</subfield>
    <subfield code="h">N&#xBA; 134 - mar. 1995</subfield>
    <subfield code="l">0</subfield>
    <subfield code="o">H331.2 NDR 134</subfield>
    <subfield code="p">R21490</subfield>
    <subfield code="r">2026-04-10 16:10:08</subfield>
    <subfield code="w">2026-04-10</subfield>
    <subfield code="y">RN</subfield>
  </datafield>
  <datafield tag="952" ind1=" " ind2=" ">
    <subfield code="0">0</subfield>
    <subfield code="1">0</subfield>
    <subfield code="4">0</subfield>
    <subfield code="7">0</subfield>
    <subfield code="a">BCEJYS</subfield>
    <subfield code="b">BCEJYS</subfield>
    <subfield code="c">13</subfield>
    <subfield code="d">1995-02-01</subfield>
    <subfield code="h">N&#xBA; 133 - feb. 1995</subfield>
    <subfield code="l">0</subfield>
    <subfield code="o">H331.2 NDR 133</subfield>
    <subfield code="p">R21489</subfield>
    <subfield code="r">2026-04-10 16:10:08</subfield>
    <subfield code="w">2026-04-10</subfield>
    <subfield code="y">RN</subfield>
  </datafield>
  <datafield tag="952" ind1=" " ind2=" ">
    <subfield code="0">0</subfield>
    <subfield code="1">0</subfield>
    <subfield code="4">0</subfield>
    <subfield code="7">0</subfield>
    <subfield code="a">BCEJYS</subfield>
    <subfield code="b">BCEJYS</subfield>
    <subfield code="c">13</subfield>
    <subfield code="d">1995-01-01</subfield>
    <subfield code="h">N&#xBA; 132 - ene. 1995</subfield>
    <subfield code="l">0</subfield>
    <subfield code="o">H331.2 NDR 132</subfield>
    <subfield code="p">R21488</subfield>
    <subfield code="r">2026-04-10 16:10:08</subfield>
    <subfield code="w">2026-04-10</subfield>
    <subfield code="y">RN</subfield>
  </datafield>
  <datafield tag="952" ind1=" " ind2=" ">
    <subfield code="0">0</subfield>
    <subfield code="1">0</subfield>
    <subfield code="4">0</subfield>
    <subfield code="7">0</subfield>
    <subfield code="a">BCEJYS</subfield>
    <subfield code="b">BCEJYS</subfield>
    <subfield code="c">13</subfield>
    <subfield code="d">1994-12-01</subfield>
    <subfield code="h">N&#xBA; 131 - dic. 1994</subfield>
    <subfield code="l">0</subfield>
    <subfield code="o">H331.2 NDR 131</subfield>
    <subfield code="p">R21487</subfield>
    <subfield code="r">2026-04-10 16:10:08</subfield>
    <subfield code="w">2026-04-10</subfield>
    <subfield code="y">RN</subfield>
  </datafield>
  <datafield tag="952" ind1=" " ind2=" ">
    <subfield code="0">0</subfield>
    <subfield code="1">0</subfield>
    <subfield code="4">0</subfield>
    <subfield code="7">0</subfield>
    <subfield code="a">BCEJYS</subfield>
    <subfield code="b">BCEJYS</subfield>
    <subfield code="c">13</subfield>
    <subfield code="d">1994-10-01</subfield>
    <subfield code="h">N&#xBA; 129 - oct. 1994</subfield>
    <subfield code="l">0</subfield>
    <subfield code="o">H331.2 NDR 129</subfield>
    <subfield code="p">R21486</subfield>
    <subfield code="r">2026-04-10 16:10:08</subfield>
    <subfield code="w">2026-04-10</subfield>
    <subfield code="y">RN</subfield>
  </datafield>
  <datafield tag="952" ind1=" " ind2=" ">
    <subfield code="0">0</subfield>
    <subfield code="1">0</subfield>
    <subfield code="4">0</subfield>
    <subfield code="7">0</subfield>
    <subfield code="a">BCEJYS</subfield>
    <subfield code="b">BCEJYS</subfield>
    <subfield code="c">13</subfield>
    <subfield code="d">1994-07-01</subfield>
    <subfield code="h">N&#xBA; 126 - jul. 1994</subfield>
    <subfield code="l">0</subfield>
    <subfield code="o">H331.2 NDR 126</subfield>
    <subfield code="p">R21485</subfield>
    <subfield code="r">2026-04-10 16:10:08</subfield>
    <subfield code="w">2026-04-10</subfield>
    <subfield code="y">RN</subfield>
  </datafield>
  <datafield tag="952" ind1=" " ind2=" ">
    <subfield code="0">0</subfield>
    <subfield code="1">0</subfield>
    <subfield code="4">0</subfield>
    <subfield code="7">0</subfield>
    <subfield code="a">BCEJYS</subfield>
    <subfield code="b">BCEJYS</subfield>
    <subfield code="c">13</subfield>
    <subfield code="d">1994-06-01</subfield>
    <subfield code="h">N&#xBA; 125 - jun. 1994</subfield>
    <subfield code="l">0</subfield>
    <subfield code="o">H331.2 NDR 125</subfield>
    <subfield code="p">R21484</subfield>
    <subfield code="r">2026-04-10 16:10:08</subfield>
    <subfield code="w">2026-04-10</subfield>
    <subfield code="y">RN</subfield>
  </datafield>
  <datafield tag="952" ind1=" " ind2=" ">
    <subfield code="0">0</subfield>
    <subfield code="1">0</subfield>
    <subfield code="4">0</subfield>
    <subfield code="7">0</subfield>
    <subfield code="a">BCEJYS</subfield>
    <subfield code="b">BCEJYS</subfield>
    <subfield code="c">13</subfield>
    <subfield code="d">1994-05-01</subfield>
    <subfield code="h">N&#xBA; 124 - mayo 1994</subfield>
    <subfield code="l">0</subfield>
    <subfield code="o">H331.2 NDR 124</subfield>
    <subfield code="p">R21483</subfield>
    <subfield code="r">2026-04-10 16:10:08</subfield>
    <subfield code="w">2026-04-10</subfield>
    <subfield code="y">RN</subfield>
  </datafield>
  <datafield tag="952" ind1=" " ind2=" ">
    <subfield code="0">0</subfield>
    <subfield code="1">0</subfield>
    <subfield code="4">0</subfield>
    <subfield code="7">0</subfield>
    <subfield code="a">BCEJYS</subfield>
    <subfield code="b">BCEJYS</subfield>
    <subfield code="c">13</subfield>
    <subfield code="d">1994-04-01</subfield>
    <subfield code="h">N&#xBA; 123 - abr. 1994</subfield>
    <subfield code="l">0</subfield>
    <subfield code="o">H331.2 NDR 123</subfield>
    <subfield code="p">R21480</subfield>
    <subfield code="r">2026-04-10 16:10:08</subfield>
    <subfield code="w">2026-04-10</subfield>
    <subfield code="y">RN</subfield>
  </datafield>
  <datafield tag="952" ind1=" " ind2=" ">
    <subfield code="0">0</subfield>
    <subfield code="1">0</subfield>
    <subfield code="4">0</subfield>
    <subfield code="7">0</subfield>
    <subfield code="a">BCEJYS</subfield>
    <subfield code="b">BCEJYS</subfield>
    <subfield code="c">17</subfield>
    <subfield code="d">1989-06-01</subfield>
    <subfield code="h">N&#xBA; 67 - jun. 1989</subfield>
    <subfield code="l">0</subfield>
    <subfield code="o">H331.2 NDR 67</subfield>
    <subfield code="p">R21530</subfield>
    <subfield code="r">2026-04-10 16:10:08</subfield>
    <subfield code="w">2026-04-10</subfield>
    <subfield code="y">RN</subfield>
  </datafield>
  <datafield tag="952" ind1=" " ind2=" ">
    <subfield code="0">0</subfield>
    <subfield code="1">0</subfield>
    <subfield code="4">0</subfield>
    <subfield code="7">0</subfield>
    <subfield code="a">BCEJYS</subfield>
    <subfield code="b">BCEJYS</subfield>
    <subfield code="c">13</subfield>
    <subfield code="d">1989-05-01</subfield>
    <subfield code="h">N&#xBA; 66 - mayo 1989</subfield>
    <subfield code="l">0</subfield>
    <subfield code="o">H331.2 NDR 66</subfield>
    <subfield code="p">R21514</subfield>
    <subfield code="r">2026-04-10 16:10:08</subfield>
    <subfield code="w">2026-04-10</subfield>
    <subfield code="y">RN</subfield>
  </datafield>
</record>
